000 00431nam a2200181Ia 4500
005 20240823010225.0
008 240823s9999||||xx |||||||||||||| ||und||
041 _aENGLISH
082 _A658.8348 N9
100 _aSanghamitra Buddhapriya
245 0 _aWomen in Management
250 _a1st
260 _c1999
_b"APH,New Delhi"
500 _aYES
650 _aManagement
_bManagement Studies
942 _cBK
999 _c158001
_d158001